<?xml version="1.0" encoding="UTF-8"?>
<record
    xmlns:xsi="http://www.w3.org/2001/XMLSchema-instance"
    xsi:schemaLocation="http://www.loc.gov/MARC21/slim http://www.loc.gov/standards/marcxml/schema/MARC21slim.xsd"
    xmlns="http://www.loc.gov/MARC21/slim">

  <leader>00402nam a2200169Ia 4500</leader>
  <controlfield tag="003">330010</controlfield>
  <controlfield tag="005">20241026095126.0</controlfield>
  <controlfield tag="008">210816s9999    xx            000 0 und d</controlfield>
  <datafield tag="020" ind1=" " ind2=" ">
    <subfield code="a">9780099537632</subfield>
  </datafield>
  <datafield tag="040" ind1=" " ind2=" ">
    <subfield code="c">3228</subfield>
  </datafield>
  <datafield tag="082" ind1=" " ind2=" ">
    <subfield code="a">EF ROBI</subfield>
  </datafield>
  <datafield tag="100" ind1=" " ind2=" ">
    <subfield code="a">ROBINSON, Ray</subfield>
    <subfield code="9">156488</subfield>
  </datafield>
  <datafield tag="245" ind1=" " ind2="0">
    <subfield code="a">Forgetting Zoe</subfield>
  </datafield>
  <datafield tag="260" ind1=" " ind2=" ">
    <subfield code="a">London</subfield>
    <subfield code="b">Windmill Books</subfield>
    <subfield code="c">2011</subfield>
  </datafield>
  <datafield tag="300" ind1=" " ind2=" ">
    <subfield code="a">277 pages</subfield>
    <subfield code="c">19 cm</subfield>
  </datafield>
  <datafield tag="942" ind1=" " ind2=" ">
    <subfield code="c">BK</subfield>
    <subfield code="2">ddc</subfield>
    <subfield code="y">190</subfield>
    <subfield code="z">Dudu Mondlane</subfield>
  </datafield>
  <datafield tag="999" ind1=" " ind2=" ">
    <subfield code="c">71524</subfield>
    <subfield code="d">71523</subfield>
  </datafield>
  <datafield tag="952" ind1=" " ind2=" ">
    <subfield code="0">0</subfield>
    <subfield code="1">0</subfield>
    <subfield code="4">0</subfield>
    <subfield code="7">0</subfield>
    <subfield code="a">THUSL</subfield>
    <subfield code="b">KANYL</subfield>
    <subfield code="d">2021-08-17</subfield>
    <subfield code="g">203.00</subfield>
    <subfield code="l">1</subfield>
    <subfield code="p">33228011679774</subfield>
    <subfield code="r">2024-04-10</subfield>
    <subfield code="s">2023-05-25</subfield>
    <subfield code="w">2021-08-17</subfield>
    <subfield code="y">BK</subfield>
  </datafield>
  <datafield tag="952" ind1=" " ind2=" ">
    <subfield code="0">0</subfield>
    <subfield code="1">0</subfield>
    <subfield code="2">ddc</subfield>
    <subfield code="4">0</subfield>
    <subfield code="7">0</subfield>
    <subfield code="8">F</subfield>
    <subfield code="a">KANYL</subfield>
    <subfield code="b">KLARL</subfield>
    <subfield code="c">FIC</subfield>
    <subfield code="d">2024-10-26</subfield>
    <subfield code="l">1</subfield>
    <subfield code="o">EF ROBI</subfield>
    <subfield code="p">33228024108209</subfield>
    <subfield code="q">2025-11-21</subfield>
    <subfield code="r">2025-11-07</subfield>
    <subfield code="s">2025-11-07</subfield>
    <subfield code="w">2024-10-26</subfield>
    <subfield code="y">BK</subfield>
  </datafield>
  <datafield tag="952" ind1=" " ind2=" ">
    <subfield code="0">0</subfield>
    <subfield code="1">0</subfield>
    <subfield code="2">ddc</subfield>
    <subfield code="4">0</subfield>
    <subfield code="7">0</subfield>
    <subfield code="8">F</subfield>
    <subfield code="a">KLARL</subfield>
    <subfield code="b">KLARL</subfield>
    <subfield code="c">FIC</subfield>
    <subfield code="d">2025-11-07</subfield>
    <subfield code="f">3322803112</subfield>
    <subfield code="i">3322810017892</subfield>
    <subfield code="l">0</subfield>
    <subfield code="o">EF ROBI</subfield>
    <subfield code="r">2025-11-07</subfield>
    <subfield code="v">100.00</subfield>
    <subfield code="w">2025-11-07</subfield>
    <subfield code="y">BK</subfield>
  </datafield>
</record>
